| 000 | 00602nam a2200193 a 4500 | ||
|---|---|---|---|
| 005 | 20220801092552.0 | ||
| 008 | 991125s1952 ag 000 0 spa u | ||
| 035 | _aUPN01000041448 | ||
| 049 | _aCG | ||
| 050 | 4 |
_aPA3069 _bG4.68 |
|
| 100 | 1 | _aGelio, Aulo | |
| 245 | 1 | 0 |
_aNoches áticas / _cAulo Gelio ; tr. del latín por Francisco Navarro y Calvo ; selec. y pról. de José María de Cossío. |
| 260 |
_aBuenos Aires : _bEspasa-Calpe, _c1952. |
||
| 300 | _a146 p. | ||
| 440 | 0 |
_aAustral ; _v1128 |
|
| 650 | 0 |
_aLiteratura griega _98400 |
|
| 700 | 1 |
_aCossío, José María de, _ecomp. |
|
| 905 | _aLibro | ||
| 999 |
_c41448 _d41448 |
||